Kedy zahraničie, kedy my?

Postupnosť krokov pri spoločnom podnikaní. Dôvody pre spoločné podnikanie. Rozhodovanie podľa kritérií ekonomickej efektívnosti. Zhodnotenie kritérií spoločného podnikania. Vypracovanie právne záväznej zmluvy.

Salvato in:
Dettagli Bibliografici
Autore principale: Bacová, Viera
Natura: Capitolo di libro
Lingua:slovacco
Soggetti:
Tags: Aggiungi Tag
Nessun Tag, puoi essere il primo ad aggiungerne!!

MARC

LEADER 00000naa a2200000 4500
001 r018418
005 20221213095741.5
041 0 |a slo 
044 |a SK 
245 1 0 |a Kedy zahraničie, kedy my?  |c Viera Bacová 
520 |a Postupnosť krokov pri spoločnom podnikaní. Dôvody pre spoločné podnikanie. Rozhodovanie podľa kritérií ekonomickej efektívnosti. Zhodnotenie kritérií spoločného podnikania. Vypracovanie právne záväznej zmluvy. 
610 2 0 |a Slovensko 
610 2 0 |a 1995 
610 2 0 |a podnikanie 
610 2 0 |a investície zo zahraničia 
610 2 0 |a oceňovanie 
610 2 0 |a zmluvy 
100 1 |a Bacová, Viera